书目信息 |
| 题名: |
教育哲学教学参考资料
|
|
| 作者: | ;《教育哲学教学参考资料》编辑组 编 | |
| 分册: | ||
| 出版信息: | 北京 北京师范大学出版社 1986 |
|
| 页数: | 413页 | |
| 开本: | 19cm | |
| 丛书名: | ||
| 单 册: | ||
| 中图分类: | G40-02 | |
| 科图分类: | ||
| 主题词: | 教育哲学 | |
| 电子资源: | ||
| ISBN: | ||
| 000 | 00722nam0 2200229 45 | |
| 001 | 0186019191 | |
| 005 | 20050406112155.2 | |
| 010 | @dCNY2.40 | |
| 091 | @a7243.440 | |
| 100 | @a19900726d1986 em y0chiy0121 ea | |
| 101 | 0 | @achi |
| 102 | @aCN@b110000 | |
| 105 | @ay z 000yy | |
| 200 | 10 | @a教育哲学教学参考资料@Ajiao yu zhe xue jiao xue can kao zi liao@f《教育哲学教学参考资料》编辑组编@F《Jiao Yu Zhe Xue Jiao Xue Can Kao Zi Liao》Bian Ji Zu Bian |
| 210 | @a北京@c北京师范大学出版社@d1986 | |
| 215 | @a413页@d19cm | |
| 606 | @a教育哲学 | |
| 690 | @aG40-02@v3 | |
| 711 | 02 | @a《教育哲学教学参考资料》编辑组@4编 |
| 801 | 0 | @aCN@b深圳图书馆@c20040429 |
| 801 | 2 | @aCN@bNLC@c20040429 |
| 905 | @dG40-02@e104@f1@b208154 | |
| 教育哲学教学参考资料/《教育哲学教学参考资料》编辑组编.-北京:北京师范大学出版社,1986 |
| 413页;19cm |
| ISBN :CNY2.40 |
| ● |
| 相关链接 |
|
|
|
|
正题名:教育哲学教学参考资料
索取号:G40-02/104
 
预约/预借
| 序号 | 登录号 | 条形码 | 馆藏地/架位号 | 状态 | 备注 |
| 1 | 0208153 | 000284980 | 密集书库/ [索取号:G40-02/104] | 在馆 | |
| 2 | 0208154 | 001998468 | 密集书库/ [索取号:G40-02/104] | 在馆 | |
| 3 | 0208155 | 002064394 | 第一样本阅览室/ [索取号:G40-02/104] | 在馆 | |
| 4 | 0255532 | 000284999 | 密集书库/ [索取号:G40-02/104] | 在馆 | |
| 5 | 0255533 | 000285006 | 密集书库/ [索取号:G40-02/104] | 在馆 | |
| 6 | 0255534 | 000284935 | 密集书库/ [索取号:G40-02/104] | 在馆 | |
| 7 | 0255535 | 000284944 | 密集书库/ [索取号:G40-02/104] | 在馆 | |
| 8 | 0255536 | 000284953 | 密集书库/ [索取号:G40-02/104] | 在馆 |